[Event "Orense"]
[Site "Orense"]
[Date "1976.??.??"]
[Round "?"]
[White "Timman, Jan H"]
[Black "Keene, Raymond"]
[Result "1-0"]
[WhiteElo "2550"]
[BlackElo "2460"]
[PlyCount "61"]
[EventDate "1976.03.??"]
[EventType "tourn"]
[EventRounds "11"]
[EventCountry "ESP"]
[SourceTitle "EXT 2014"]
[Source "ChessBase"]
[SourceDate "2013.11.20"]
[SourceVersion "1"]
[SourceVersionDate "2013.11.20"]
[SourceQuality "1"]

1. e4 e6 2. d4 d5 3. Nc3 Bb4 4. e5 c5 5. a3 Bxc3+ 6. bxc3 Ne7 7. a4 Qc7 8. Nf3
b6 9. Bb5+ Bd7 10. Bd3 Nbc6 11. O-O h6 12. Re1 O-O 13. Bf4 Ng6 14. Bg3 cxd4 15.
Nxd4 Na5 16. h4 Qxc3 17. Ne2 Qc7 18. Bxg6 fxg6 19. Nf4 Qc4 20. Nxg6 Rf7 21. f4
Bxa4 22. Rxa4 Qxa4 23. f5 Re8 24. f6 Nc6 25. Qh5 Nd8 26. Bf4 Qxc2 27. Bg5 d4
28. Ne7+ Rfxe7 29. fxe7 Nf7 30. Rf1 g6 31. Qf3 1-0

[Event "Olympiad-22"]
[Site "Haifa"]
[Date "1976.10.28"]
[Round "4.1"]
[White "Timman, Jan H"]
[Black "Najdorf, Miguel"]
[Result "1-0"]
[WhiteElo "2550"]
[BlackElo "2510"]
[PlyCount "91"]
[EventDate "1976.10.25"]
[EventType "team-swiss"]
[EventRounds "13"]
[EventCountry "ISR"]
[SourceTitle "EXT 2000"]
[Source "ChessBase"]
[SourceDate "1999.11.16"]
[SourceVersion "1"]
[SourceVersionDate "1999.11.16"]
[SourceQuality "1"]
[WhiteTeam "Netherlands"]
[BlackTeam "Argentina"]
[WhiteTeamCountry "NED"]
[BlackTeamCountry "ARG"]

1. c4 Nf6 2. Nc3 e6 3. e4 c5 4. e5 Ng8 5. Nf3 (5. d4 cxd4 6. Qxd4 Nc6 $11) 5...
Nc6 6. d4 cxd4 7. Nxd4 Nxe5 8. Ndb5 (8. Bf4 d6 9. Qd2 Nf6 $11) 8... d6 (8... f6
9. Bf4 a6 10. Bxe5 fxe5 $13) 9. c5 a6 10. Nxd6+ Bxd6 11. cxd6 Nf6 12. Bf4 Ng6
13. Bg3 Bd7 14. h4 $14 h5 15. Bd3 Bc6 16. Bxg6 fxg6 17. Qd3 Kf7 18. O-O Qa5 19.
Rfe1 Qf5 20. Qd2 Nd7 21. f3 Rhe8 22. Ne4 Kg8 23. Ng5 Rad8 24. Rac1 Qd5 25. Qc2
Nf8 26. b3 Qf5 27. Qc3 Nh7 28. Re5 Qf6 29. Nxh7 Kxh7 30. Qd3 Kg8 31. Rg5 e5 32.
Rxg6 e4 33. Qc4+ Qf7 34. fxe4 Qxc4 35. Rxc4 Rxe4 36. Rg5 Rde8 37. Rxe4 Rxe4 38.
Kf2 Kf7 39. Rxh5 Rd4 40. Rf5+ Ke6 41. Rg5 Rd2+ 42. Ke3 Rxa2 43. Rxg7 Rb2 44. h5
Rxb3+ 45. Kd4 Rb5 46. h6 {Comentarista: Franco Luis Di Luca (h)} 1-0

[Event "Olympiad-22"]
[Site "Haifa"]
[Date "1976.10.31"]
[Round "6.1"]
[White "Timman, Jan H"]
[Black "Byrne, Robert Eugene"]
[Result "1-0"]
[WhiteElo "2550"]
[BlackElo "2540"]
[PlyCount "57"]
[EventDate "1976.10.25"]
[EventType "team-swiss"]
[EventRounds "13"]
[EventCountry "ISR"]
[SourceTitle "EXT 2000"]
[Source "ChessBase"]
[SourceDate "1999.11.16"]
[SourceVersion "1"]
[SourceVersionDate "1999.11.16"]
[SourceQuality "1"]
[WhiteTeam "Netherlands"]
[BlackTeam "US of America"]
[WhiteTeamCountry "NED"]
[BlackTeamCountry "USA"]

1. Nf3 c5 2. e4 Nc6 3. d4 cxd4 4. Nxd4 Nf6 5. Nc3 d6 6. Bg5 e6 7. Qd2 a6 8.
O-O-O h6 (8... Bd7 9. f4 Be7 10. Nf3 b5 11. Bxf6 gxf6 12. f5 Qb6 13. Kb1 O-O-O
14. g3 Kb8 15. Bh3 b4 16. Ne2 e5 {(Boleslavsky-Taimanov; URS, 1970)} 17. c3 $16
{segun analisis de Matanovic en ECO, 1975}) 9. Be3 (9. Bf4 Bd7 10. Nxc6 Bxc6
11. f3 Qb6 12. Bc4 O-O-O 13. Be3 Qc7 14. Qf2 $14 {segun analisis de Tal}) 9...
Bd7 10. f4 (10. f3 b5 11. g4 b4 12. Nxc6 Bxc6 13. Ne2 d5 14. Nd4 Bb7 15. e5 Nd7
16. f4 $11 {segun analisis de Larsen}) 10... Be7 11. Bd3 b5 12. Kb1 O-O {
(Queda planteada una posicion de enroques opuestos)} 13. h3 Nxd4 14. Bxd4 b4
15. Ne2 d5 16. e5 Ne8 17. g4 {(Las blancas demuestran asi que estan mejor
preparadas para el ataque a la bayoneta (peones), sobre la ciudadela
adversaria, tematica primordial para este tipo de posiciones)} f6 18. h4 f5 19.
Rdg1 Bb5 20. gxf5 Bxd3 21. Qxd3 Rxf5 22. Be3 $1 {(El conductor de las negras
ha procurado bloquear el ataque que se cernia sobre su enroque. Sin embargo,
su estrategia se quiebra luego de este movimiento de las blancas, que lleva
una doble funcion: apuntalar el peon en "f4" y dejar libre la casilla "d4"
para que el caballo quiebre el bloqueo, al provocar el obligado retiro de la
torre negra)} Qc8 23. Nd4 Rf7 24. Rg6 $16 {(Las negras se han preparado para
anular el rompimiento por la casilla "f4", pero no pueden controlar todas sus
debilidades, ni la aguda filtracion de las figuras enemigas)} Qc4 {(Se busca
desgastar material (cambio de piezas) para aliviar la tension, pero igualmente
todo se desmorona)} 25. Nxe6 Qxd3 26. cxd3 Rc8 27. Rhg1 {(Las blancas rubrican
una limpia faena)} Bxh4 28. Rxh6 Be7 29. Rh5 {Comentarista: Franco Luis Di
Luca (h)} 1-0

[Event "Hoogovens"]
[Site "Wijk aan Zee"]
[Date "1977.01.25"]
[Round "10"]
[White "Barczay, Laszlo"]
[Black "Timman, Jan H"]
[Result "0-1"]
[WhiteElo "2470"]
[BlackElo "2590"]
[Annotator "Bulletin"]
[PlyCount "76"]
[EventDate "1977.01.14"]
[EventType "tourn"]
[EventRounds "11"]
[EventCountry "NED"]
[EventCategory "11"]
[SourceTitle "MCL"]
[Source "ChessBase"]
[SourceDate "1999.07.01"]
[SourceVersion "1"]
[SourceVersionDate "1999.07.01"]
[SourceQuality "1"]

1. Nf3 Nf6 2. g3 d5 3. Bg2 c6 4. b3 Bg4 5. Bb2 e6 6. O-O Nbd7 7. d4 Be7 8. Nbd2
O-O 9. c4 Bh5 (9... Ne4 $6 10. Nxe4 dxe4 11. Nd2 f5 12. f3) 10. Ne1 Bd6 11. Nd3
Qe7 12. Ne5 Rfd8 13. h3 Ba3 14. Bxa3 Qxa3 15. g4 Bg6 16. Nxg6 hxg6 17. e3 a5
18. Qc1 Qe7 19. f4 c5 20. Qa3 Ra6 21. g5 Nh5 22. Rfe1 Qd6 23. cxd5 exd5 24. Nf3
b5 25. dxc5 $2 (25. Rac1) 25... Nxc5 26. Rad1 b4 27. Qb2 Ne4 (27... Ng3 $5) 28.
Ne5 Nc3 29. Rd3 Qc5 30. Qf2 a4 31. Rd2 axb3 32. axb3 Rda8 33. f5 $2 Qe7 34.
fxg6 Qxe5 $1 35. Qxf7+ (35. gxf7+ Kf8 36. Qh4 Ra1 $1) 35... Kh8 36. Rf2 Qe6 37.
Bf3 Ne4 (37... Ng3 38. Qf4) 38. Bg4 $6 (38. Qxe6 Rxe6 39. Bxh5 Nxf2 40. Kxf2
Rf8+) 38... Qxf7 0-1

[Event "Nijmegen RABO"]
[Site "Nijmegen"]
[Date "1977.01.29"]
[Round "3"]
[White "Ligterink, Gert"]
[Black "Timman, Jan H"]
[Result "0-1"]
[WhiteElo "2430"]
[BlackElo "2590"]
[PlyCount "48"]
[EventDate "1977.01.29"]
[EventType "tourn (rapid)"]
[EventRounds "7"]
[EventCountry "NED"]
[EventCategory "8"]
[SourceTitle "EXT 2002"]
[Source "ChessBase"]
[SourceDate "2001.11.25"]
[SourceVersion "1"]
[SourceVersionDate "2001.11.25"]
[SourceQuality "1"]

1. e4 d6 2. d4 Nf6 3. Nc3 g6 4. Bg5 c6 5. Qd2 h6 6. Bh4 g5 7. Bg3 Nh5 8. O-O-O
b5 9. d5 b4 10. Nce2 Qa5 11. Kb1 Bg7 12. Nd4 Nxg3 13. hxg3 cxd5 14. Bb5+ Kf8
15. exd5 Bb7 16. Bc4 Qc5 17. Bb3 a5 18. Ba4 Bxd5 19. Ngf3 Nc6 20. Nf5 Bxf3 21.
gxf3 Qxf5 22. Bxc6 Rc8 23. Be4 Qf6 24. Qc1 a4 0-1

[Event "NED-ch32"]
[Site "Leeuwarden"]
[Date "1977.04.19"]
[Round "2"]
[White "Timman, Jan H"]
[Black "Van der Sterren, Paul"]
[Result "1-0"]
[WhiteElo "2590"]
[BlackElo "2375"]
[PlyCount "63"]
[EventDate "1977.04.18"]
[EventType "tourn"]
[EventRounds "13"]
[EventCountry "NED"]
[EventCategory "7"]
[SourceTitle "EXT 1998"]
[Source "ChessBase"]
[SourceDate "1997.11.17"]
[SourceVersion "1"]
[SourceVersionDate "1997.11.17"]
[SourceQuality "1"]

1. e4 e6 2. d4 d5 3. Nc3 Bb4 4. e5 c5 5. a3 Bxc3+ 6. bxc3 Ne7 7. a4 Nbc6 8. Nf3
Qa5 9. Qd2 Bd7 10. Be2 f6 11. Ba3 fxe5 12. Bxc5 e4 13. Nh4 g5 14. Rb1 gxh4 15.
Rxb7 Ng6 16. O-O Rb8 17. Rxb8+ Nxb8 18. f3 exf3 19. Bd3 Kd8 20. Qh6 Re8 21.
Qxh7 Ne7 22. Qxh4 Nbc6 23. Rxf3 Qxa4 24. Bg6 Rg8 25. Bf7 Rf8 26. Qh6 Rxf7 27.
Rxf7 Be8 28. Rf1 Kd7 29. Qf4 e5 30. Qg4+ Kd8 31. Qe6 exd4 32. Re1 1-0

[Event "Match/Nation ENG-NED"]
[Site "Hartley Wintney"]
[Date "1977.10.29"]
[Round "1.1"]
[White "Timman, Jan H"]
[Black "Miles, Anthony John"]
[Result "1-0"]
[WhiteElo "2590"]
[BlackElo "2555"]
[PlyCount "55"]
[EventDate "1977.10.29"]
[EventType "team-match"]
[EventRounds "2"]
[EventCountry "ENG"]
[SourceTitle "EXT 2010"]
[Source "ChessBase"]
[SourceDate "2010.11.25"]
[SourceVersion "1"]
[SourceVersionDate "2010.11.25"]
[SourceQuality "1"]
[WhiteTeam "Netherlands"]
[BlackTeam "England"]
[WhiteTeamCountry "NED"]
[BlackTeamCountry "ENG"]

1. e4 c5 2. Nf3 d6 3. d4 cxd4 4. Nxd4 Nf6 5. Nc3 g6 6. Be3 Bg7 7. f3 Nc6 8. Qd2
O-O 9. O-O-O Nxd4 10. Bxd4 Be6 11. Nd5 Bxd5 12. exd5 Rc8 13. g4 Qc7 14. c3 e5
15. dxe6 fxe6 16. Bd3 e5 17. Be3 d5 18. Kb1 Kh8 19. h4 e4 20. h5 gxh5 21. gxh5
h6 22. Be2 Kh7 23. Rdg1 Rcd8 24. Rg6 Nxh5 25. Rxh6+ Bxh6 26. Rxh5 Rf6 27. Bxh6
Qf7 28. fxe4 1-0

[Event "EU-Cup 02nd round of 16"]
[Site "Rotterdam"]
[Date "1978.??.??"]
[Round "2.2"]
[White "Timman, Jan H"]
[Black "Kagan, Shimon"]
[Result "1-0"]
[WhiteElo "2585"]
[BlackElo "2465"]
[PlyCount "63"]
[EventDate "1978.??.??"]
[EventType "team-match"]
[EventRounds "2"]
[EventCountry "NED"]
[SourceTitle "EXT 2020"]
[Source "ChessBase"]
[SourceDate "2019.10.17"]
[SourceVersion "1"]
[SourceVersionDate "2019.10.17"]
[SourceQuality "1"]
[WhiteTeam "Rotterdam Volmac"]
[BlackTeam "Tel-Aviv University"]
[WhiteTeamCountry "NED"]
[BlackTeamCountry "ISR"]

1. e4 c5 2. Nf3 Nc6 3. Bb5 g6 4. O-O Bg7 5. Re1 Nf6 6. c3 O-O 7. h3 a6 8. Bxc6
dxc6 9. d4 cxd4 10. cxd4 Nd7 11. Nc3 e5 12. Bg5 Qb6 13. Na4 Qb5 14. d5 Nb6 15.
Nxb6 Qxb6 16. Be7 Re8 17. d6 Bd7 18. Qd3 Qb5 19. Qc2 c5 20. Re3 Rac8 21. a4 Qa5
22. Rc3 c4 23. Rxc4 Rxc4 24. Qxc4 Rc8 25. Qb3 b5 26. Ng5 Rc4 27. Qf3 f5 28.
exf5 e4 29. Nxe4 gxf5 30. Nf6+ Bxf6 31. Bxf6 Kf7 32. Bc3 1-0

[Event "Nijmegen RABO"]
[Site "Nijmegen"]
[Date "1978.02.04"]
[Round "5"]
[White "Enklaar, Bert F"]
[Black "Timman, Jan H"]
[Result "0-1"]
[WhiteElo "2400"]
[BlackElo "2585"]
[PlyCount "140"]
[EventDate "1978.02.04"]
[EventType "tourn (rapid)"]
[EventRounds "7"]
[EventCountry "NED"]
[EventCategory "9"]
[SourceTitle "EXT 2002"]
[Source "ChessBase"]
[SourceDate "2001.11.25"]
[SourceVersion "1"]
[SourceVersionDate "2001.11.25"]
[SourceQuality "1"]

1. e4 c5 2. Nf3 Nc6 3. c3 Nf6 4. e5 Nd5 5. d4 cxd4 6. cxd4 d6 7. Bc4 Nb6 8. Bb5
a6 9. Bxc6+ bxc6 10. Nc3 Bg4 11. h3 Bh5 12. e6 fxe6 13. g4 Bf7 14. Ng5 Bg8 15.
Qd3 Kd7 16. O-O h6 17. Nf3 Qe8 18. Re1 h5 19. Ng5 hxg4 20. hxg4 Rh6 21. Bd2 Qg6
22. Nce4 e5 23. dxe5 Bd5 24. e6+ Kc7 25. Rac1 Rh8 26. Kg2 Bxe6 27. Nxe6+ Qxe6
28. f3 Qd5 29. Qe2 e5 30. Be3 Qb5 31. Qc2 Nd5 32. a4 Qb7 33. Qc4 Kd7 34. Rc2
Be7 35. Bc1 Rh7 36. Rh1 Rxh1 37. Kxh1 Rf8 38. Kg2 Nc7 39. Be3 Ne6 40. Rd2 d5
41. Qc3 Bb4 42. Qxe5 Bxd2 43. Qd6+ Kc8 44. Qxe6+ Qd7 45. Qxd7+ Kxd7 46. Nxd2 a5
47. Bd4 g6 48. Nb3 Rb8 49. Nc5+ Ke7 50. Bc3 Ra8 51. f4 Kd6 52. Bd4 Re8 53. Kf2
Re7 54. f5 gxf5 55. gxf5 Rh7 56. f6 Rh4 57. Ke3 Rg4 58. b4 axb4 59. a5 b3 60.
Nxb3 Rg3+ 61. Kf4 Rxb3 62. Kf5 Rf3+ 63. Kg6 Ke6 64. a6 Rg3+ 65. Kh6 Rg8 66. a7
c5 67. Bxc5 Kxf6 68. Bd4+ Kf5 69. Bc5 Ke4 70. Bd6 Ra8 0-1

[Event "Lone Pine op Louis D. Statham Masters"]
[Site "Lone Pine"]
[Date "1978.04.04"]
[Round "3"]
[White "Timman, Jan H"]
[Black "Balshan, Amikam"]
[Result "1-0"]
[WhiteElo "2585"]
[BlackElo "2415"]
[PlyCount "63"]
[EventDate "1978.04.02"]
[EventType "swiss"]
[EventRounds "9"]
[EventCountry "USA"]
[SourceTitle "MCL"]
[Source "ChessBase"]
[SourceDate "1999.07.01"]
[SourceVersion "1"]
[SourceVersionDate "1999.07.01"]
[SourceQuality "1"]

1. e4 e5 2. Nf3 Nc6 3. Bb5 a6 4. Ba4 Nf6 5. O-O Be7 6. d4 exd4 (6... b5 7. Bb3
Nxe4 8. Bd5 $1) 7. Re1 $5 (7. e5 Ne4 $1 8. Nxd4 O-O 9. Nf5 d5 10. Bxc6 bxc6 11.
Nxe7+ Qxe7 {Old main line}) 7... b5 $1 (7... O-O 8. e5 $1) 8. e5 $5 Nd5 $6 (
8... Nxe5 $1 9. Nxe5 (9. Rxe5 $5) 9... bxa4 10. Qxd4 $13) 9. Bb3 Nb6 10. Nxd4 (
10. c3 $6 dxc3 11. Nxc3 O-O 12. Bf4 d6 $1) 10... Nxd4 11. Qxd4 c5 $6 (11... O-O
$142) 12. Qg4 c4 13. Qxg7 Rf8 14. Bh6 Bc5 (14... Bb7 $5 15. Qxh7 Qc7 16. Bxf8
Bxf8 17. Nc3 cxb3 18. axb3 O-O-O 19. Qxf7 Bc5) 15. Nd2 Bb7 16. Ne4 Bxe4 17.
Rxe4 Qc7 18. Qxh7 O-O-O 19. Bxf8 Rxf8 20. c3 cxb3 21. axb3 Kb7 22. b4 Be7 23.
Rd1 Qc6 24. Red4 Kc7 25. Qe4 f5 26. exf6 Qxe4 27. Rxe4 Bxf6 28. Rf4 Na4 29. b3
Nxc3 30. Rc1 Re8 31. Rxf6 Kb7 32. Kf1 1-0

[Event "Lone Pine op Louis D. Statham Masters"]
[Site "Lone Pine"]
[Date "1978.04.10"]
[Round "9"]
[White "Timman, Jan H"]
[Black "Angantysson, Haukur"]
[Result "1-0"]
[WhiteElo "2585"]
[BlackElo "2350"]
[PlyCount "79"]
[EventDate "1978.04.02"]
[EventType "swiss"]
[EventRounds "9"]
[EventCountry "USA"]
[SourceTitle "MCL"]
[Source "ChessBase"]
[SourceDate "1999.07.01"]
[SourceVersion "1"]
[SourceVersionDate "1999.07.01"]
[SourceQuality "1"]

1. d4 Nf6 2. c4 e6 3. Nc3 Bb4 4. Bg5 c5 5. d5 d6 6. e3 h6 7. Bh4 O-O 8. Bd3
exd5 9. cxd5 Qe7 10. Nge2 Nbd7 11. O-O Ne5 12. Qb1 g5 13. Bg3 Nxd3 14. Qxd3 Ng4
15. h3 Ne5 16. Bxe5 Qxe5 17. f4 c4 18. Qd2 gxf4 19. Rxf4 Bf5 20. Rxc4 Bc5 21.
Nd4 Bg6 22. Re1 Rae8 23. e4 f5 24. Rxc5 dxc5 25. Ne6 Rf7 26. exf5 Qxf5 27. Ne4
Rxe6 28. dxe6 Qxe6 29. Qxh6 Qf5 30. Re3 Qf1+ 31. Kh2 Qf4+ 32. Qxf4 Rxf4 33.
Nxc5 b6 34. Nd3 Rd4 35. Rg3 Kh7 36. Ne5 Be4 37. Rg4 Ra4 38. b3 Rd4 39. Nf3 Rb4
40. Rxe4 1-0

[Event "IBM-18 Grootmeestergroep A"]
[Site "Amsterdam"]
[Date "1978.07.??"]
[Round "9"]
[White "Langeweg, Kick"]
[Black "Timman, Jan H"]
[Result "0-1"]
[WhiteElo "2445"]
[BlackElo "2585"]
[PlyCount "76"]
[EventDate "1978.07.13"]
[EventType "tourn"]
[EventRounds "13"]
[EventCountry "NED"]
[EventCategory "12"]
[SourceTitle "MCL"]
[Source "ChessBase"]
[SourceDate "1999.07.01"]
[SourceVersion "1"]
[SourceVersionDate "1999.07.01"]
[SourceQuality "1"]

1. Nf3 Nf6 2. c4 c5 3. Nc3 d5 4. cxd5 Nxd5 5. g3 Nc6 6. Bg2 Nc7 7. O-O g6 8. d3
Bg7 9. Be3 b6 10. Qd2 O-O 11. Bh6 e5 12. Rfc1 f6 13. Bxg7 Kxg7 14. a3 a5 15.
Qd1 Rb8 16. Nd2 Bb7 17. Rab1 Rf7 18. Nc4 Ba8 19. Ne3 Ne6 20. Na2 Ncd4 21. b4
Bxg2 22. Kxg2 cxb4 23. axb4 a4 24. b5 f5 25. f3 Qg5 26. Kf2 f4 27. Nf1 h5 28.
Nc3 Nc5 29. Nxa4 fxg3+ 30. hxg3 Nxa4 31. Qxa4 h4 32. g4 Qxg4 33. Rc7 Rbf8 34.
Rbc1 h3 35. Ng3 Qf4 36. Rxf7+ Rxf7 37. Rc8 Qd2 38. Kf1 Rxf3+ 0-1

[Event "Olympiad-23"]
[Site "Buenos Aires"]
[Date "1978.10.28"]
[Round "4"]
[White "Timman, Jan H"]
[Black "Emma, Jaime"]
[Result "1-0"]
[WhiteElo "2585"]
[BlackElo "2390"]
[PlyCount "85"]
[EventDate "1978.10.25"]
[EventType "team-swiss"]
[EventRounds "14"]
[EventCountry "ARG"]
[SourceTitle "EXT 2000"]
[Source "ChessBase"]
[SourceDate "1999.11.16"]
[SourceVersion "1"]
[SourceVersionDate "1999.11.16"]
[SourceQuality "1"]
[WhiteTeam "Netherlands"]
[BlackTeam "Argentina"]
[WhiteTeamCountry "NED"]
[BlackTeamCountry "ARG"]

1. e4 e5 2. Nf3 Nc6 3. Bb5 Bc5 4. c3 f5 5. d4 fxe4 6. dxc5 exf3 7. Qxf3 Nf6 8.
Be3 O-O 9. Nd2 b6 10. Bxc6 dxc6 11. Qxc6 Qd3 12. cxb6 axb6 13. Qc4+ Qxc4 14.
Nxc4 Ba6 15. Nxe5 Rfe8 16. f4 Nd7 17. O-O-O Nxe5 18. fxe5 Rxe5 19. Bf4 Re7 20.
Rhe1 Rf7 21. g3 Bb7 22. Kb1 h6 23. h4 Bf3 24. Rd2 c6 25. c4 b5 26. cxb5 cxb5
27. Re5 Rb7 28. b3 Rc8 29. Kb2 Kh7 30. Rd3 Bg2 31. Rde3 Rd8 32. Re2 Bc6 33. Re7
Rdd7 34. Rxd7 Rxd7 35. Re3 Bg2 36. Rc3 Ra7 37. Rc2 Bf3 38. Rd2 Bh5 39. Kc3 Be8
40. Re2 Ra8 41. Re7 Kg8 42. a3 h5 43. Be5 1-0

[Event "EU-Cup 02nd quarterfinal"]
[Site "Belgrade"]
[Date "1979.??.??"]
[Round "3.2"]
[White "Timman, Jan H"]
[Black "Matanovic, Aleksandar"]
[Result "1-0"]
[WhiteElo "2625"]
[BlackElo "2495"]
[PlyCount "89"]
[EventDate "1979.??.??"]
[EventType "team-match"]
[EventRounds "2"]
[EventCountry "YUG"]
[SourceTitle "EXT 2012"]
[Source "ChessBase"]
[SourceDate "2011.11.24"]
[SourceVersion "1"]
[SourceVersionDate "2011.11.24"]
[SourceQuality "1"]
[WhiteTeam "Rotterdam Volmac"]
[BlackTeam "Belgrade Crvena Zvezda"]
[WhiteTeamCountry "NED"]
[BlackTeamCountry "YUG"]

1. e4 e5 2. Nf3 Nc6 3. Bb5 a6 4. Bxc6 dxc6 5. O-O f6 (5... Qd6) 6. d4 exd4 (
6... Bg4) 7. Nxd4 c5 8. Nb3 Qxd1 9. Rxd1 Bg4 (9... Bd7 10. Bf4 {[%csl Rc7]})
10. f3 Be6 11. Be3 (11. Bf4 c4) 11... b6 12. a4 Ne7 $146 (12... Bd6 {Adorjan,A
(2510)-Ivkov,B (2520) Skopje 1976 (8) 1/2}) (12... Kf7 13. a5 c4 {Tobin,
H-Biyiasas,P (2435) US op Columbus 1977 1/2}) 13. Bf4 c4 (13... Nc6 $5 14. Bxc7
c4 15. N3d2 Bc5+ 16. Kf1 Rc8 17. Bf4 Nd4 $44) 14. Nd4 O-O-O 15. Nc3 Bf7 16. Bg3
Ng6 17. Nf5 $14 Rxd1+ 18. Rxd1 Ne7 19. Ne3 {[%csl Gd5][%cal Ge3c4]} Nc6 20.
Ned5 Bc5+ 21. Bf2 Bxf2+ 22. Kxf2 Re8 23. h4 Kb7 (23... Rd8) 24. Ne3 Be6 25. g4
Rd8 26. Rxd8 Nxd8 27. g5 c6 (27... fxg5 28. hxg5) 28. f4 fxg5 29. hxg5 $16 {
[%csl Rh7]} Kc7 30. f5 $36 Bg8 31. Kf3 b5 32. e5 {[%cal Gf3e4]} g6 33. e6 $1 (
33. Ke4 $6 b4 34. Ne2 {[%cal Ge2d4]} gxf5+ 35. Kxf5 Ne6 {[%csl Ge6]}) 33...
Bxe6 (33... gxf5 34. e7) 34. fxe6 Nxe6 35. Ne4 $18 c3 36. bxc3 bxa4 37. Nc4 c5
38. Kg4 Kc6 39. Nf6 Nc7 40. Nxh7 Nd5 41. Nf8 Nxc3 42. Nxg6 Kd5 43. Na3 Ne4 44.
Nf4+ Ke5 45. Nd3+ 1-0

[Event "Nijmegen RABO"]
[Site "Nijmegen"]
[Date "1979.02.10"]
[Round "3"]
[White "Timman, Jan H"]
[Black "Enklaar, Bert F"]
[Result "1-0"]
[WhiteElo "2625"]
[BlackElo "2400"]
[PlyCount "75"]
[EventDate "1979.02.10"]
[EventType "tourn (rapid)"]
[EventRounds "7"]
[EventCountry "NED"]
[EventCategory "8"]
[SourceTitle "EXT 2014"]
[Source "ChessBase"]
[SourceDate "2013.11.20"]
[SourceVersion "1"]
[SourceVersionDate "2013.11.20"]
[SourceQuality "1"]

1. e4 c6 2. d4 d5 3. Nd2 dxe4 4. Nxe4 Bf5 5. Ng3 Bg6 6. h4 h6 7. Nf3 Nd7 8. h5
Bh7 9. Bd3 Bxd3 10. Qxd3 e6 11. Bf4 Qa5+ 12. Bd2 Qc7 13. O-O-O Ngf6 14. Ne4
O-O-O 15. g3 Nxe4 16. Qxe4 Nf6 17. Qe2 Bd6 18. Ne5 Bxe5 19. dxe5 Nd7 20. f4 Nb6
21. c4 Qe7 22. Kb1 Qc5 23. b3 Qd4 24. Bc1 Qc3 25. Qe3 Qb4 26. Bb2 a5 27. a3
Nxc4 28. bxc4 Qxc4 29. Rd4 Rxd4 30. Qxd4 Qb3 31. Rd1 Kb8 32. Rd3 Qb5 33. a4 Qa6
34. Rb3 Rc8 35. Qd6+ Ka8 36. Qd3 Qa7 37. Qd7 Rb8 38. Qxf7 1-0

[Event "Nijmegen RABO"]
[Site "Nijmegen"]
[Date "1979.02.10"]
[Round "6"]
[White "Timman, Jan H"]
[Black "Ree, Hans"]
[Result "1-0"]
[WhiteElo "2625"]
[BlackElo "2480"]
[PlyCount "97"]
[EventDate "1979.02.10"]
[EventType "tourn (rapid)"]
[EventRounds "7"]
[EventCountry "NED"]
[EventCategory "8"]
[SourceTitle "EXT 2014"]
[Source "ChessBase"]
[SourceDate "2013.11.20"]
[SourceVersion "1"]
[SourceVersionDate "2013.11.20"]
[SourceQuality "1"]

1. e4 e6 2. d4 d5 3. Nd2 c5 4. exd5 exd5 5. Bb5+ Nc6 6. Ngf3 Bd6 7. dxc5 Bxc5
8. O-O Nge7 9. Nb3 Bd6 10. Re1 O-O 11. Bg5 Qc7 12. Bh4 Nf5 13. Bg5 Be6 14. Bd3
h6 15. Bd2 Rad8 16. h3 Rfe8 17. Bxf5 Bxf5 18. Rxe8+ Rxe8 19. Nfd4 Be4 20. Bc3
a6 21. Nxc6 Qxc6 22. Qg4 Bg6 23. Rd1 Bf8 24. Nd4 Qc4 25. Qd7 Re7 26. Qd8 f6 27.
a3 Re8 28. Qb6 Qc8 29. Bb4 Bxb4 30. axb4 Re7 31. c3 Kh7 32. Qd6 Rd7 33. Qe6 Qe8
34. Re1 Qxe6 35. Rxe6 Bf7 36. Rb6 Rc7 37. Nb3 Be8 38. Na5 d4 39. cxd4 Rc2 40.
Nxb7 Rxb2 41. Nc5 Bb5 42. d5 Rxb4 43. Nxa6 Ra4 44. Nc5 Ra1+ 45. Kh2 Be8 46. Rb8
Rc1 47. Ne6 Ba4 48. Nf8+ Kg8 49. d6 1-0

[Event "Vidmar Memorial-05"]
[Site "Bled/ Portoroz"]
[Date "1979.06.15"]
[Round "11"]
[White "Gligoric, Svetozar"]
[Black "Timman, Jan H"]
[Result "0-1"]
[WhiteElo "2560"]
[BlackElo "2625"]
[PlyCount "72"]
[EventDate "1979.06.02"]
[EventType "tourn"]
[EventRounds "15"]
[EventCountry "SLO"]
[EventCategory "12"]
[SourceTitle "MCL"]
[Source "ChessBase"]
[SourceDate "1999.07.01"]
[SourceVersion "1"]
[SourceVersionDate "1999.07.01"]
[SourceQuality "1"]

{[%evp 0,72,18,27,23,-20,-7,4,4,4,29,14,22,35,53,36,44,48,57,44,26,23,48,7,9,0,
4,9,32,18,13,6,17,-50,-50,-25,-47,-47,-47,-36,-28,-98,-117,-76,-105,-107,-44,
-35,-35,-10,30,-72,-118,-338,-349,-419,-190,-451,-102,-265,-280,-522,-180,-530,
-134,-548,-241,-513,-178,-597,-247,-551,-230,-369,-362]} 1. d4 Nf6 2. c4 e6 3.
Nc3 Bb4 4. e3 c5 5. Bd3 Nc6 6. Nf3 Bxc3+ 7. bxc3 d6 8. e4 e5 9. d5 Ne7 10. O-O
Ng6 11. Ne1 O-O 12. g3 Bh3 13. Ng2 Ne8 14. Re1 f5 15. exf5 Bxf5 16. f4 Bxd3 17.
Qxd3 Qd7 18. Rb1 Nf6 19. Rb2 Rae8 20. Rf1 Qh3 21. f5 Ng4 22. Ne1 e4 23. Qe2
N6e5 24. Qxe4 Rf7 25. Qg2 Qxg2+ 26. Nxg2 Nxc4 27. Rc2 Re5 28. h3 Nf6 29. g4
Nxd5 30. Rf3 b5 31. Rcf2 a5 32. g5 b4 33. cxb4 axb4 34. Kh2 Nc3 35. a3 Ne4 36.
Re2 Nxg5 0-1

[Event "Interzonal-11b"]
[Site "Rio de Janeiro"]
[Date "1979.10.14"]
[Round "16"]
[White "Timman, Jan H"]
[Black "Sax, Gyula"]
[Result "1-0"]
[WhiteElo "2625"]
[BlackElo "2590"]
[PlyCount "73"]
[EventDate "1979.09.23"]
[EventType "tourn"]
[EventRounds "19"]
[EventCountry "BRA"]
[EventCategory "11"]
[SourceTitle "IZT"]
[Source "ChessBase"]
[SourceDate "1999.07.01"]
[SourceVersion "1"]
[SourceVersionDate "1999.07.01"]
[SourceQuality "1"]

1. Nf3 Nf6 2. c4 g6 3. Nc3 d5 4. cxd5 Nxd5 5. Qa4+ Nc6 6. Ne5 Ndb4 7. a3 Bg7 8.
axb4 Bxe5 9. b5 Nb8 10. e3 Bg7 11. d4 O-O 12. Be2 c6 13. O-O cxb5 14. Qxb5 Nc6
15. Bf3 a6 16. Qb3 Qd7 17. Rd1 Rb8 18. Bd2 b6 19. Rdc1 Bb7 20. Nd5 Qd8 21. Qa3
Kh8 22. Nb4 Nxb4 23. Bxb7 a5 24. Bf3 e5 25. Bxb4 axb4 26. Qxb4 exd4 27. Rd1 Qh4
28. Ra7 Be5 29. h3 Qf6 30. exd4 Qf4 31. Rd7 Bc7 32. Kf1 Rbe8 33. Re1 Qh2 34.
Re4 Qh1+ 35. Ke2 Qb1 36. Rde7 Rc8 37. Rxc7 1-0